معجم أسماء الأشياء المسمى اللطائف في اللغة / (رقم التسجيلة. 30368)
[ عرض عادي ]
| 000 -LEADER | |
|---|---|
| fixed length control field | 00661nam a22001817a 4500 |
| 005 - DATE AND TIME OF LATEST TRANSACTION | |
| control field | 20251108165536.0 |
| 008 - FIXED-LENGTH DATA ELEMENTS--GENERAL INFORMATION | |
| fixed length control field | 250721s1997 xx 000 0 ara d |
| 082 14 - DEWEY DECIMAL CLASSIFICATION NUMBER | |
| Classification number | م/413.125/دمش |
| 100 1# - MAIN ENTRY--PERSONAL NAME | |
| Personal name | الدمشقي، أحمد بن مصطفى اللبابيدي |
| 245 10 - TITLE STATEMENT | |
| Title | معجم أسماء الأشياء المسمى اللطائف في اللغة / |
| 264 1# - PRODUCTION, PUBLICATION, DISTRIBUTION, MANUFACTURE, AND COPYRIGHT NOTICE | |
| Place of production, publication, distribution, manufacture | القاهرة : |
| Name of producer, publisher, distributor, manufacturer | دار الفضيلة للنشر و التوزيع، |
| Date of production, publication, distribution, manufacture, or copyright notice | 1997. |
| 300 ## - PHYSICAL DESCRIPTION | |
| Extent | 378ص |
| 650 17 - SUBJECT ADDED ENTRY--TOPICAL TERM | |
| Topical term or geographic name as entry element | اللغة العربية |
| 650 17 - SUBJECT ADDED ENTRY--TOPICAL TERM | |
| Topical term or geographic name as entry element | معاجم المفردات |
| 700 1# - ADDED ENTRY--PERSONAL NAME | |
| Personal name | عوض، أحمد عبد التواب |
| Relator term | تحقيق |
| 942 ## - ADDED ENTRY ELEMENTS (KOHA) | |
| Source of classification or shelving scheme | Dewey Decimal Classification |
| Koha item type | مراجع |
| حالة السحب | حالة الفقدان | مصدر التصنيف | حالة التلف | غير قابل للإعارة | المكتبة الرئيسية | المكتبة الحالية | موقع الرف | تاريخ التزويد | الرقم المتسلسل | Total Checkouts | رقم الإستدعاء | الباركود | تاريخ آخر ظهور | تاريخ الفاتورة | نوع المادة (كوها) |
|---|---|---|---|---|---|---|---|---|---|---|---|---|---|---|---|
| Dewey Decimal Classification | Not For Loan | المكتبة المركزية | المكتبة المركزية | مراجع | 06/07/2004 | 272152 | م/413.125/دمش | 272152 | 28/07/2025 | 06/07/2004 | مراجع | ||||
| Dewey Decimal Classification | Not For Loan | مكتبة الأميرة ايمان العامة | مكتبة الأميرة ايمان العامة | مراجع | 23/10/2013 | [9621] | م/413.125/دمش | PLD00283663 | 28/07/2025 | 23/10/2013 | مراجع | ||||
| Dewey Decimal Classification | Not For Loan | مكتبة الاميرة بديعة | مكتبة الاميرة بديعة | مراجع | 27/06/2015 | [6810].. | م/413.125/دمش | PLD00334203 | 28/07/2025 | 27/06/2015 | مراجع | ||||
| Dewey Decimal Classification | Not For Loan | مكتبة البراعم الواعدة | مكتبة البراعم الواعدة | مراجع | 24/06/2018 | 1653737 | م/413.125/دمش | PLD00422337 | 28/07/2025 | 24/06/2018 | مراجع | ||||
| Dewey Decimal Classification | Not For Loan | مكتبة الجويدة | مكتبة الجويدة | مراجع | 18/06/2015 | (6765) | م/413.125/دمش | PLD00332743 | 28/07/2025 | 18/06/2015 | مراجع | ||||
| Dewey Decimal Classification | Not For Loan | مكتبة حمزة العامة | مكتبة حمزة العامة | مراجع | 06/07/2004 | 6427 | م/413.125/دمش | 6427 | 28/07/2025 | 06/07/2004 | مراجع | ||||
| Dewey Decimal Classification | Not For Loan | مكتبة حمزة العامة | مكتبة حمزة العامة | مراجع | 08/11/2015 | [6427]. | م/413.125/دمش | PLD00362568 | 28/07/2025 | 08/11/2015 | مراجع | ||||
| Dewey Decimal Classification | Not For Loan | مكتبة صويلح العامة | مكتبة صويلح العامة | مراجع | 05/10/2019 | 013988 | م/413.125/دمش | PLD00470415 | 28/07/2025 | 05/10/2019 | مراجع | ||||
| Dewey Decimal Classification | Not For Loan | مكتبة وادي السير العامة | مكتبة وادي السير العامة | مراجع | 30/03/2016 | [7708].. | م/413.125/دمش | PLD00383429 | 28/07/2025 | 30/03/2016 | مراجع |